[Event "III Trofeo Giovanni Pico"]
[Site "Mirandola ITA"]
[Date "2010.01.15"]
[Round "1"]
[White "Luciani, Valerio"]
[Black "Proietti, Tosca"]
[Result "1/2-1/2"]
[WhiteElo "2200"]
[BlackElo "1816"]
[PlyCount "78"]
[EventDate "2010.01.15"]

1. d4 Nf6 2. c4 g6 3. Nc3 Bg7 4. Nf3 O-O 5. g3 d6 6. Bg2 e5 7. dxe5 dxe5 8.
Qxd8 Rxd8 9. Nxe5 Re8 10. Nd3 c6 11. Bd2 Bf5 12. O-O-O Ng4 13. e4 Be6 14. b3
Na6 15. f3 Rad8 16. Kc2 Rxd3 17. Kxd3 Nf2+ 18. Ke2 Nxh1 19. Bxh1 f5 20. Re1 Nb4
21. Rc1 a5 22. a3 Na6 23. Na4 fxe4 24. fxe4 b5 25. cxb5 cxb5 26. Nc5 Nxc5 27.
Rxc5 Bxb3 28. Bxa5 Bc4+ 29. Kd2 Bf8 30. Rc7 Bxa3 31. Bc3 Re7 32. Rc8+ Kf7 33.
Rh8 Ke6 34. Bg2 Kd6 35. Bd4 Bb4+ 36. Kc2 Ke6 37. Bh3+ Kd6 38. Bg2 Kd7 39. Ra8
Kd6 1/2-1/2

[Event "III Trofeo Giovanni Pico"]
[Site "Mirandola ITA"]
[Date "2010.01.15"]
[Round "1"]
[White "Menini, Luca"]
[Black "La Venia, Stefano"]
[Result "0-1"]
[WhiteElo "1681"]
[BlackElo "2056"]
[PlyCount "64"]
[EventDate "2010.01.15"]

1. e4 e5 2. Nf3 Nf6 3. Nxe5 d6 4. Nf3 Nxe4 5. d4 d5 6. c4 Bb4+ 7. Bd2 Nxd2 8.
Nbxd2 O-O 9. Be2 dxc4 10. O-O b5 11. a4 c6 12. Ne4 Be6 13. Nc3 Nd7 14. d5 cxd5
15. Nxd5 Bxd5 16. Qxd5 Nb6 17. Qxb5 a5 18. Rfd1 Qf6 19. Kf1 Rfc8 20. Qe5 Qxe5
21. Nxe5 c3 22. bxc3 Bxc3 23. Rab1 Nxa4 24. Bb5 Bxe5 25. Bxa4 Rc7 26. Rd5 f6
27. Rbd1 Kf7 28. Rb5 Re7 29. Rdd5 g5 30. Rxa5 Rxa5 31. Rxa5 Bc3 32. Bb3+ Kg7
0-1

[Event "III Trofeo Giovanni Pico"]
[Site "Mirandola ITA"]
[Date "2010.01.15"]
[Round "1"]
[White "Minelli, Giancarlo"]
[Black "Bolognesi, Alberto"]
[Result "0-1"]
[WhiteElo "1422"]
[BlackElo "1903"]
[PlyCount "82"]
[EventDate "2010.01.15"]

1. e4 e5 2. Nf3 Nf6 3. Nc3 Bb4 4. Bc4 O-O 5. O-O Nc6 6. Ne2 d5 7. exd5 Nxd5 8.
c3 Be7 9. d4 exd4 10. Nexd4 Nxd4 11. Qxd4 Be6 12. Re1 Bf6 13. Ne5 Re8 14. Bd2
Nb6 15. Bb5 c6 16. Bd3 Qxd4 17. cxd4 Rad8 18. Re4 Bf5 19. Re3 Bxd3 20. Nxd3
Bxd4 21. Rxe8+ Rxe8 22. Re1 Rxe1+ 23. Bxe1 f6 24. Bd2 Nd5 25. Kf1 Kf7 26. a3 c5
27. g3 c4 28. Nf4 Nxf4 29. Bxf4 Bxb2 30. Bb8 b5 31. Ke1 Bxa3 32. Bxa7 Ke6 33.
Kd1 Kd5 34. Kc2 Bc5 35. Bxc5 Kxc5 36. Kb2 b4 37. Kc2 Kd4 38. h4 b3+ 39. Kb2 Kd3
40. f4 c3+ 41. Kxb3 Kd2 0-1

[Event "III Trofeo Giovanni Pico"]
[Site "Mirandola ITA"]
[Date "2010.01.15"]
[Round "1"]
[White "Modena, Giorgio"]
[Black "Buccella, Francescantonio"]
[Result "1-0"]
[WhiteElo "1979"]
[BlackElo "1614"]
[PlyCount "77"]
[EventDate "2010.01.15"]

1. e4 b6 2. d4 Bb7 3. Bd3 Nc6 4. c3 e6 5. Ne2 Be7 6. O-O Nf6 7. Nd2 d6 8. Re1
O-O 9. Ng3 e5 10. d5 Nb8 11. Ndf1 Bc8 12. Ne3 Bd7 13. Nef5 Kh8 14. Bd2 Rg8 15.
b4 a5 16. a3 Na6 17. Qe2 Nb8 18. c4 c5 19. bxc5 bxc5 20. Reb1 Bf8 21. Ne3 g6
22. Nd1 Bg4 23. f3 Bc8 24. Nc3 Nh5 25. Ra2 Qh4 26. Rab2 Nd7 27. Qe1 Nf4 28. Bf1
g5 29. Nf5 Qh5 30. g4 Qg6 31. Nb5 a4 32. Be3 h5 33. h3 h4 34. Qd1 Qf6 35. Nc3
Be7 36. Nxa4 Nf8 37. Nb6 Rxa3 38. Nxc8 Rxe3 39. Ncxe7 1-0

[Event "III Trofeo Giovanni Pico"]
[Site "Mirandola ITA"]
[Date "2010.01.15"]
[Round "1"]
[White "Moi, Roberto"]
[Black "Di Trapani, Luigi"]
[Result "1-0"]
[WhiteElo "1945"]
[BlackElo "1525"]
[PlyCount "73"]
[EventDate "2010.01.15"]

1. d4 Nf6 2. c4 g6 3. Nc3 Bg7 4. e4 d6 5. Nf3 O-O 6. Be2 c6 7. O-O Bg4 8. Be3
Nbd7 9. Ne1 Bxe2 10. Qxe2 a6 11. f4 b5 12. e5 dxe5 13. dxe5 Ne8 14. Rd1 Qc7 15.
Nf3 Rd8 16. cxb5 axb5 17. Nd4 e6 18. Nb3 f6 19. Nc5 Nxc5 20. Bxc5 Rxd1 21. Rxd1
Rf7 22. exf6 Nxf6 23. Qxe6 Bf8 24. Bxf8 Kxf8 25. Qd6+ Kg7 26. Qxc7 Rxc7 27. a3
Rd7 28. Rxd7+ Nxd7 29. Kf2 Nc5 30. Ke3 Kf6 31. Ne4+ Nxe4 32. Kxe4 h5 33. Kd4
Ke6 34. Kc5 Kd7 35. g3 Kc7 36. b3 Kd7 37. a4 1-0

[Event "III Trofeo Giovanni Pico"]
[Site "Mirandola ITA"]
[Date "2010.01.15"]
[Round "1"]
[White "Necesito, Donald"]
[Black "Balboni, Lamberto"]
[Result "0-1"]
[WhiteElo "1440"]
[BlackElo "1890"]
[PlyCount "70"]
[EventDate "2010.01.15"]

1. e4 e6 2. Nf3 d5 3. e5 c5 4. d4 Nc6 5. Bb5 Bd7 6. Bxc6 Bxc6 7. O-O Qb6 8. c3
Nh6 9. Qc2 Be7 10. Bxh6 gxh6 11. Nbd2 O-O-O 12. dxc5 Bxc5 13. Nb3 Be7 14. Nbd4
Bd7 15. Rac1 Kb8 16. Qd2 Rdg8 17. Qf4 Rg7 18. Qxh6 Rhg8 19. g3 Bf8 20. Qd2 h5
21. h4 Be7 22. Kh2 Rg4 23. Kh3 f6 24. Rce1 f5 25. Nh2 R4g6 26. Ndf3 Qd8 27. Qf4
Rg4 28. Nxg4 fxg4+ 29. Kh2 gxf3 30. Qxf3 Qe8 31. Re3 Qg6 32. c4 Bc6 33. Rb3
dxc4 34. Qxc6 cxb3 35. Qd7 Bxh4 0-1

[Event "III Trofeo Giovanni Pico"]
[Site "Mirandola ITA"]
[Date "2010.01.15"]
[Round "1"]
[White "Piccinini, Samuele"]
[Black "Molinari, Enzo"]
[Result "1-0"]
[WhiteElo "1900"]
[BlackElo "1440"]
[PlyCount "93"]
[EventDate "2010.01.15"]

1. d4 d5 2. c4 e6 3. Nc3 Nf6 4. Bg5 Bb4 5. e3 h6 6. Bxf6 Qxf6 7. Nf3 Nc6 8.
cxd5 exd5 9. Bb5 Bxc3+ 10. bxc3 O-O 11. O-O Bg4 12. Be2 Bxf3 13. Bxf3 Ne7 14.
Rb1 b6 15. c4 c6 16. cxd5 Nxd5 17. Bxd5 cxd5 18. Rb5 Qd6 19. Qb3 Rfd8 20. a4
Rac8 21. a5 Rc6 22. axb6 Rxb6 23. Rxb6 axb6 24. Rb1 Rb8 25. g3 g5 26. Qa4 Qc7
27. Qa3 Kg7 28. Rb5 Qc6 29. Qb3 Qc4 30. Qxc4 dxc4 31. Kf1 Kf6 32. Ke2 Ke6 33.
Kd2 Kd6 34. Kc3 f6 35. Kxc4 Rc8+ 36. Kd3 Kc7 37. e4 Ra8 38. Rf5 Rf8 39. e5 Kd7
40. Rxf6 Rxf6 41. exf6 Ke6 42. d5+ Kxf6 43. f4 gxf4 44. gxf4 h5 45. Kc4 Ke7 46.
f5 Kd6 47. f6 1-0

[Event "III Trofeo Giovanni Pico"]
[Site "Mirandola ITA"]
[Date "2010.01.15"]
[Round "1"]
[White "Pinna, Ferdinando"]
[Black "Santamato, Luigi"]
[Result "1-0"]
[WhiteElo "1852"]
[BlackElo "1563"]
[PlyCount "93"]
[EventDate "2010.01.15"]

1. e4 d6 2. d4 Nf6 3. Nc3 g6 4. f3 Bg7 5. Be3 O-O 6. Qd2 c6 7. g4 e5 8. O-O-O
Nbd7 9. h4 h5 10. Bh3 Qa5 11. Kb1 Nb6 12. Qe2 Na4 13. Nxa4 Qxa4 14. dxe5 dxe5
15. g5 Nh7 16. Bc5 Re8 17. Qd2 b6 18. Be3 c5 19. Qd5 Bxh3 20. Nxh3 Nf8 21. Rd3
Ne6 22. Ra3 Qb5 23. c4 Qb4 24. Bd2 Qxa3 25. bxa3 Red8 26. Qc6 Rac8 27. Qa4 Rxd2
28. Rd1 Rcd8 29. Rxd2 Rxd2 30. Ng1 Nf4 31. Kc1 Rg2 32. Qxa7 Rxg1+ 33. Kc2 Rg2+
34. Kb3 Ne6 35. a4 Rg3 36. Qxb6 Rxf3+ 37. Kb2 Rf2+ 38. Kb3 Rf3+ 39. Kb2 Rf2+
40. Kb1 Rf1+ 41. Kb2 Rf2+ 42. Kc1 Rxa2 43. a5 Ra4 44. a6 Rxc4+ 45. Kd2 Rb4 46.
Qc6 Nd4 47. Qe8+ 1-0

[Event "III Trofeo Giovanni Pico"]
[Site "Mirandola ITA"]
[Date "2010.01.15"]
[Round "1"]
[White "Raisi, Michele"]
[Black "Benedetti, Maurizio"]
[Result "0-1"]
[WhiteElo "1501"]
[BlackElo "1863"]
[PlyCount "98"]
[EventDate "2010.01.15"]

1. e4 c5 2. Nf3 d6 3. d4 cxd4 4. Nxd4 Nf6 5. Nc3 e6 6. Bb5+ Bd7 7. a4 Nc6 8.
O-O Be7 9. Bg5 O-O 10. Re1 Re8 11. Kh1 Nxe4 12. Nxe4 Bxg5 13. Nxd6 Re7 14. Nxb7
Qc7 15. Nc5 Nxd4 16. Qxd4 Bxb5 17. axb5 Rd8 18. Qe5 Bf6 19. Qxc7 Rxc7 20. Ne4
Bxb2 21. Ra2 Bd4 22. Rd1 Rcd7 23. g4 f5 24. gxf5 exf5 25. Ng5 Bxf2 26. Rxd7
Rxd7 27. c4 Bb6 28. Ne6 Re7 29. Re2 Kf7 30. Nf4 Rxe2 31. Nxe2 g5 32. Kg2 Ke6
33. Kf3 Ke5 34. Ng3 g4+ 35. Kg2 f4 36. Nf1 Be3 37. h3 h5 38. hxg4 hxg4 39. Nh2
Kf5 40. Nf1 Bc5 41. Nd2 f3+ 42. Kg3 Bd6+ 43. Kf2 Kf4 44. Nb3 g3+ 45. Kf1 Ke3
46. Kg1 Bb4 47. c5 g2 48. c6 Be1 49. c7 Bf2+ 0-1

[Event "III Trofeo Giovanni Pico"]
[Site "Mirandola ITA"]
[Date "2010.01.15"]
[Round "1"]
[White "Ricci, Alfredo"]
[Black "Cartegni, Aldo"]
[Result "1-0"]
[WhiteElo "1967"]
[BlackElo "1413"]
[PlyCount "63"]
[EventDate "2010.01.15"]

1. d4 d5 2. c4 e6 3. Nc3 Bb4 4. Nf3 Bxc3+ 5. bxc3 c6 6. e3 Ne7 7. Bd3 f6 8. O-O
O-O 9. Qc2 f5 10. Ba3 Nd7 11. cxd5 cxd5 12. c4 Nf6 13. Rfc1 Re8 14. Rab1 b6 15.
c5 Bb7 16. Ne5 Rc8 17. Qa4 Nc6 18. Bb5 a6 19. Nxc6 axb5 20. Nxd8 bxa4 21. Nxb7
bxc5 22. Nd6 c4 23. Nxe8 Rxe8 24. Rb6 Kf7 25. Rb7+ Kg6 26. Bd6 Rd8 27. Be7 Rd7
28. Rcb1 Rxb7 29. Rxb7 c3 30. Bxf6 c2 31. Rxg7+ Kxf6 32. Rc7 1-0

[Event "III Trofeo Giovanni Pico"]
[Site "Mirandola ITA"]
[Date "2010.01.15"]
[Round "1"]
[White "Setti, Massimo"]
[Black "Dionigi, Riccardo"]
[Result "0-1"]
[WhiteElo "1512"]
[BlackElo "1839"]
[PlyCount "114"]
[EventDate "2010.01.15"]

1. d4 d5 2. c4 e6 3. Nc3 Nf6 4. Nf3 Be7 5. e3 c6 6. Bd3 Nbd7 7. O-O O-O 8. Bd2
dxc4 9. Bxc4 b5 10. Bd3 b4 11. Ne4 c5 12. Rc1 Bb7 13. Ng3 cxd4 14. Nxd4 Ne5 15.
Be2 Bd5 16. b3 Qd7 17. f3 a6 18. f4 Nc6 19. Nxc6 Bxc6 20. Bf3 Bxf3 21. Rxf3
Rfd8 22. Rf2 Rac8 23. Rxc8 Rxc8 24. Qb1 Qd5 25. h3 Bc5 26. Re2 e5 27. Kh2 Re8
28. e4 Qd6 29. f5 Rd8 30. Bg5 h6 31. Rd2 Bd4 32. Bxf6 Qxf6 33. Rc2 Bc3 34. Qf1
Qd6 35. Qe2 Qd3 36. Qg4 Qe3 37. Re2 Qg5 38. Qxg5 hxg5 39. Nf1 Rd4 40. g4 f6 41.
Kg2 Rd3 42. Ne3 Bd2 43. Nd5 Kf7 44. Kh2 a5 45. Kg2 Bf4 46. Nxf4 gxf4 47. Kh2
Rc3 48. Rd2 Re3 49. Rd7+ Kg8 50. Rd2 Rxe4 51. h4 Rd4 52. Rf2 Rd3 53. g5 f3 54.
Kg3 e4 55. g6 e3 56. Rb2 e2 57. Kf2 Rd1 0-1

[Event "III Trofeo Giovanni Pico"]
[Site "Mirandola ITA"]
[Date "2010.01.15"]
[Round "1"]
[White "Soppelsa, Maurizio"]
[Black "Cocuzzi, Edoardo"]
[Result "0-1"]
[WhiteElo "1622"]
[BlackElo "1990"]
[PlyCount "40"]
[EventDate "2010.01.15"]

1. Nf3 d5 2. d4 Nf6 3. e3 e6 4. Bd3 c5 5. c3 c4 6. Bc2 b5 7. O-O a5 8. b3 Nc6
9. Nbd2 Ba6 10. Re1 Be7 11. bxc4 dxc4 12. a3 Nd5 13. Be4 f5 14. Bxd5 exd5 15.
Qc2 O-O 16. Bb2 Qc7 17. Nf1 g6 18. Ng3 b4 19. Ne2 b3 20. g3 bxc2 0-1

[Event "III Trofeo Giovanni Pico"]
[Site "Mirandola ITA"]
[Date "2010.01.15"]
[Round "1"]
[White "Vincenzi, Marco"]
[Black "Ferraguti, Francesco"]
[Result "1-0"]
[WhiteElo "2042"]
[BlackElo "1658"]
[PlyCount "63"]
[EventDate "2010.01.15"]

1. e4 e5 2. Nf3 Nf6 3. Nc3 Nc6 4. Bb5 Nd4 5. Ba4 Nxf3+ 6. Qxf3 c6 7. O-O d6 8.
Nd5 Nxd5 9. exd5 b5 10. dxc6 Qb6 11. Bb3 Qc7 12. d4 h5 13. Re1 f6 14. Qd5 a6
15. Bd2 Ra7 16. a4 b4 17. Bxb4 a5 18. dxe5 fxe5 19. Bc3 Rh6 20. Bxe5 dxe5 21.
Rxe5+ Re6 22. Rxe6+ Bxe6 23. Qxe6+ Qe7 24. Qc8+ Qd8 25. Qf5 Qf6 26. Qxh5+ g6
27. Re1+ Be7 28. Qd5 Qf8 29. Qd6 Rc7 30. Qxc7 Qxf2+ 31. Kxf2 Kf8 32. Qxe7# 1-0

[Event "III Trofeo Giovanni Pico"]
[Site "Mirandola ITA"]
[Date "2010.01.15"]
[Round "1"]
[White "Zuccaro, Guido"]
[Black "Andreolini, Mauro"]
[Result "0-1"]
[WhiteElo "1768"]
[BlackElo "2144"]
[PlyCount "90"]
[EventDate "2010.01.15"]

1. c4 Nf6 2. Nc3 g6 3. g3 Bg7 4. Bg2 O-O 5. d3 c5 6. e4 d6 7. Nge2 Nc6 8. O-O
e5 9. h3 Be6 10. Nd5 Bxd5 11. cxd5 Nd4 12. Nxd4 cxd4 13. Bg5 Qb6 14. Qd2 Nd7
15. b4 Rac8 16. Rfc1 f6 17. Bh6 Bxh6 18. Qxh6 Rc3 19. Bf1 Rfc8 20. a3 Qc7 21.
Rd1 Rc2 22. h4 Qd8 23. Rdc1 Qf8 24. Rxc2 Rxc2 25. Qxf8+ Kxf8 26. a4 Ke7 27. Bh3
Rc3 28. Bf1 Kd8 29. Rb1 Kc7 30. Be2 a5 31. bxa5 Nc5 32. a6 bxa6 33. a5 Rb3 34.
Rxb3 Nxb3 35. Kf1 Nxa5 36. Ke1 Kb6 37. Kd1 Kb5 38. Kc2 Kb4 39. Kb2 Nb7 40. f4
Nc5 41. fxe5 fxe5 42. g4 a5 43. Kc2 a4 44. g5 a3 45. h5 Nb3 0-1

[Event "III Trofeo Giovanni Pico"]
[Site "Mirandola ITA"]
[Date "2010.01.16"]
[Round "2"]
[White "Andreolini, Mauro"]
[Black "Moi, Roberto"]
[Result "1/2-1/2"]
[WhiteElo "2144"]
[BlackElo "1945"]
[PlyCount "74"]
[EventDate "2010.01.15"]

1. d4 f5 2. g3 Nf6 3. Bg2 g6 4. Nf3 Bg7 5. O-O O-O 6. c4 d6 7. Nc3 Qe8 8. d5
Bd7 9. Rb1 Na6 10. b4 c6 11. dxc6 bxc6 12. b5 Nc5 13. Nd4 Nfe4 14. Nxe4 Nxe4
15. bxc6 Bxc6 16. Ne6 Nc3 17. Nxg7 Qf7 18. Bxc6 Nxd1 19. Bd5 Nc3 20. Bxf7+ Kxf7
21. Rb7 Nxe2+ 22. Kg2 Nxc1 23. Nxf5 gxf5 24. Rxc1 Rfb8 25. Rcb1 Rxb7 26. Rxb7
a5 27. Rb5 Kf6 28. c5 dxc5 29. Rxc5 Ra6 30. Kf3 e5 31. g4 a4 32. gxf5 Kxf5 33.
Ke3 Rh6 34. Ra5 Rh4 35. Ra8 Rb4 36. Ra5 Rc4 37. Kd3 Rf4 1/2-1/2

[Event "III Trofeo Giovanni Pico"]
[Site "Mirandola ITA"]
[Date "2010.01.16"]
[Round "2"]
[White "Balboni, Lamberto"]
[Black "Egli, Urs"]
[Result "0-1"]
[WhiteElo "1890"]
[BlackElo "2062"]
[PlyCount "52"]
[EventDate "2010.01.15"]

1. e4 e5 2. Nf3 Nc6 3. Bb5 f5 4. d3 fxe4 5. dxe4 Nf6 6. Nc3 d6 7. h3 Be7 8. Be3
O-O 9. Bc4+ Kh8 10. Ng5 Qe8 11. Ne6 Bxe6 12. Bxe6 Qg6 13. Bf5 Qxg2 14. Kd2 Nd4
15. Bxd4 exd4 16. Nb5 Nxe4+ 17. Bxe4 Qxe4 18. Kc1 Rxf2 19. Nxd4 Bf6 20. Nb3 Re8
21. a4 Rxc2+ 22. Qxc2 Qxh1+ 23. Kd2 Bg5+ 24. Kc3 Qc6+ 25. Nc5 Qxc5+ 26. Kb3
Re3+ 0-1

[Event "III Trofeo Giovanni Pico"]
[Site "Mirandola ITA"]
[Date "2010.01.16"]
[Round "2"]
[White "Benedetti, Maurizio"]
[Black "Vincenzi, Marco"]
[Result "0-1"]
[WhiteElo "1863"]
[BlackElo "2042"]
[PlyCount "46"]
[EventDate "2010.01.15"]

1. e4 e5 2. Nf3 Nc6 3. d4 exd4 4. Nxd4 Bc5 5. Nxc6 Qf6 6. Qd2 dxc6 7. Nc3 Bd7
8. Na4 Bd6 9. Qg5 O-O-O 10. Qa5 Qd4 11. Be3 Bb4+ 12. c3 Qxe3+ 13. fxe3 Bxa5 14.
b4 Bb6 15. Nxb6+ cxb6 16. Bc4 Be6 17. Bxe6+ fxe6 18. Ke2 Nf6 19. Kf3 Rhf8 20.
Kf4 Nd5+ 21. Ke5 Nxe3 22. Kxe6 Nc4 23. Rad1 Rde8# 0-1

[Event "III Trofeo Giovanni Pico"]
[Site "Mirandola ITA"]
[Date "2010.01.16"]
[Round "2"]
[White "Bolognesi, Alberto"]
[Black "Lucchi, Lorenzo"]
[Result "0-1"]
[WhiteElo "1903"]
[BlackElo "2073"]
[PlyCount "80"]
[EventDate "2010.01.15"]

1. Nf3 g6 2. c4 Bg7 3. d4 Nf6 4. g3 O-O 5. Bg2 c6 6. O-O d5 7. Qb3 dxc4 8. Qxc4
Be6 9. Qc2 Bf5 10. Qb3 Qb6 11. Qxb6 axb6 12. Nc3 Ne4 13. Bf4 c5 14. Nd5 Nc6 15.
Ne5 Nxd4 16. Nxe7+ Kh8 17. Nxf5 Nxe2+ 18. Kh1 gxf5 19. Bh3 Bxe5 20. Bxe5+ f6
21. Bc7 Nd4 22. f3 Ng5 23. Bg2 Nge6 24. Bd6 Rf7 25. Rfd1 Re8 26. Rd2 Rd7 27.
Bf4 Nxf4 28. gxf4 Rde7 29. Kg1 Ne2+ 30. Kf2 Nd4 31. Bf1 Re3 32. Rd3 Rxd3 33.
Bxd3 b5 34. b3 Rd8 35. Rd1 Nc6 36. Ke2 Re8+ 37. Kf2 Nd4 38. Rc1 b6 39. Rc3 Rd8
40. Be2 Ra8 0-1

[Event "III Trofeo Giovanni Pico"]
[Site "Mirandola ITA"]
[Date "2010.01.16"]
[Round "2"]
[White "Buccella, Francescantonio"]
[Black "Minelli, Giancarlo"]
[Result "1-0"]
[WhiteElo "1614"]
[BlackElo "1422"]
[PlyCount "51"]
[EventDate "2010.01.15"]

1. e4 c5 2. Nf3 Nc6 3. Nc3 e6 4. d4 cxd4 5. Nxd4 Nf6 6. Ndb5 d5 7. exd5 exd5 8.
Bf4 Qe7+ 9. Be2 Ne5 10. Nxd5 Nxd5 11. Qxd5 Qb4+ 12. c3 Nd3+ 13. Bxd3 Qxf4 14.
O-O a6 15. g3 Be6 16. Qxb7 Qb8 17. Qxa8 Qxa8 18. Nc7+ Kd7 19. Nxa8 Bc5 20. Rad1
Kc6 21. Be4+ Kb5 22. Nc7+ Kb6 23. Nxe6 fxe6 24. b4 Be7 25. Rd7 Bf6 26. Rb7# 1-0

[Event "III Trofeo Giovanni Pico"]
[Site "Mirandola ITA"]
[Date "2010.01.16"]
[Round "2"]
[White "Calavalle, Giulio"]
[Black "Setti, Roberto"]
[Result "1-0"]
[WhiteElo "2263"]
[BlackElo "1786"]
[PlyCount "71"]
[EventDate "2010.01.15"]

1. e4 e6 2. Nf3 d5 3. e5 c5 4. b4 cxb4 5. a3 Nc6 6. d4 Bd7 7. axb4 Bxb4+ 8. c3
Bf8 9. Bd3 g6 10. Ng5 Nge7 11. Qf3 Nf5 12. g4 Be7 13. h4 h6 14. gxf5 hxg5 15.
fxg6 Qb6 16. Qxf7+ Kd8 17. g7 Kc7 18. gxh8=Q Rxh8 19. Qf3 Rf8 20. Qe2 gxh4 21.
Qb2 Be8 22. Qxb6+ Kxb6 23. Ba3 Rf3 24. Be2 Rf4 25. Bxe7 Nxe7 26. Na3 Bg6 27.
Nb5 a6 28. Nd6 Nf5 29. Rb1+ Kc6 30. Nxf5 Bxf5 31. Rd1 b5 32. Bd3 Be4 33. Bxe4
Rxe4+ 34. Kd2 b4 35. f3 Rf4 36. Ke3 1-0

[Event "III Trofeo Giovanni Pico"]
[Site "Mirandola ITA"]
[Date "2010.01.16"]
[Round "2"]
[White "Camerini, Lorenzo"]
[Black "Piccinini, Samuele"]
[Result "1-0"]
[WhiteElo "2066"]
[BlackElo "1900"]
[PlyCount "88"]
[EventDate "2010.01.15"]

1. c4 Nf6 2. g3 c6 3. Nf3 d5 4. b3 Bf5 5. Bg2 e6 6. O-O Nbd7 7. Bb2 Be7 8. d3
O-O 9. Nbd2 Qa5 10. a3 Rac8 11. h3 Qc7 12. Nh4 Bg6 13. Nxg6 hxg6 14. Rc1 Qb8
15. Rc2 Ne8 16. Qa1 Bf6 17. Rfc1 Bxb2 18. Qxb2 Nef6 19. b4 Nb6 20. Qb3 Nfd7 21.
c5 Na8 22. a4 a6 23. b5 axb5 24. axb5 Nc7 25. b6 Na6 26. d4 Rce8 27. e4 Qd8 28.
Qe3 Qf6 29. e5 Qe7 30. Nb3 Ra8 31. Ra2 Nb4 32. Ra5 Rxa5 33. Nxa5 Nb8 34. Qd2
N8a6 35. Rb1 Ra8 36. Bf1 Kf8 37. Ra1 Ke8 38. Ra4 Kd8 39. Qc3 Qd7 40. Qa3 Kc8
41. Nb3 Qd8 42. Qxb4 Nxb4 43. Rxa8+ Kd7 44. Rxd8+ Kxd8 1-0

[Event "III Trofeo Giovanni Pico"]
[Site "Mirandola ITA"]
[Date "2010.01.16"]
[Round "2"]
[White "Carbone, Lorenzo"]
[Black "Correggiari, Amedeo Luigi"]
[Result "1-0"]
[WhiteElo "1751"]
[BlackElo "1494"]
[PlyCount "57"]
[EventDate "2010.01.15"]

1. e4 d5 2. exd5 Qxd5 3. Nc3 Qa5 4. d4 Nf6 5. Bd3 Bf5 6. Bxf5 Qxf5 7. Qf3 Qxf3
8. Nxf3 e6 9. O-O c6 10. Bg5 Be7 11. Rfe1 Nbd7 12. Rad1 h6 13. Bxf6 Bxf6 14.
Ne4 Be7 15. c4 O-O-O 16. Nc3 Bb4 17. Re3 Rhe8 18. a3 Bxc3 19. Rxc3 Nc5 20. Re3
f6 21. Rde1 Na4 22. b3 Nb6 23. Rxe6 Kd7 24. Rxe8 Rxe8 25. Rxe8 Kxe8 26. Kf1 a5
27. Nd2 Ke7 28. Ke2 Kd6 29. c5+ 1-0

[Event "III Trofeo Giovanni Pico"]
[Site "Mirandola ITA"]
[Date "2010.01.16"]
[Round "2"]
[White "Cocuzzi, Edoardo"]
[Black "Pinna, Ferdinando"]
[Result "1-0"]
[WhiteElo "1990"]
[BlackElo "1852"]
[PlyCount "110"]
[EventDate "2010.01.15"]

1. e4 c5 2. Bc4 e6 3. Nc3 Nc6 4. a4 Nf6 5. d3 d5 6. exd5 exd5 7. Ba2 Be7 8. h3
O-O 9. Nf3 Re8 10. O-O h6 11. Bf4 Bf5 12. Re1 Qd7 13. Ne5 Nxe5 14. Bxe5 a6 15.
Bxf6 Bxf6 16. Nxd5 Rxe1+ 17. Qxe1 Re8 18. Nxf6+ gxf6 19. Qc3 Kg7 20. Bb3 Rg8
21. Kh2 Qc7+ 22. g3 Qd7 23. h4 Qc6 24. d4 Re8 25. d5 Qd6 26. Re1 Re4 27. Rxe4
Bxe4 28. Qe3 Bf5 29. Qf4 Qxf4 30. gxf4 b5 31. c4 bxc4 32. Bxc4 a5 33. d6 Kf8
34. Bb5 Be6 35. Kg3 f5 36. Kf3 f6 37. Ke3 Bd5 38. Kd3 Be6 39. Bc4 Bd7 40. b3
Bc8 41. Bb5 Be6 42. Kc3 Bd5 43. Bd3 Be6 44. Bb5 Bd5 45. Bd7 Kf7 46. Bxf5 Ke8
47. f3 Kd8 48. Be4 Be6 49. f5 Bf7 50. Bc6 Kc8 51. Bb5 Bd5 52. f4 Kd8 53. Bc4
Bg2 54. Be6 Bf1 55. Kd2 Ke8 1-0

[Event "III Trofeo Giovanni Pico"]
[Site "Mirandola ITA"]
[Date "2010.01.16"]
[Round "2"]
[White "De Simone Sorrentino, Fabio"]
[Black "Grossi, Enrico"]
[Result "1-0"]
[WhiteElo "1714"]
[BlackElo "1466"]
[PlyCount "79"]
[EventDate "2010.01.15"]

1. e4 d5 2. exd5 Qxd5 3. Nc3 Qa5 4. d4 c6 5. Bc4 Bf5 6. Bd2 Qc7 7. Nf3 Nf6 8.
Ne5 e6 9. Bf4 Bd6 10. Bd3 Bxd3 11. Qxd3 O-O 12. O-O Nbd7 13. Nxd7 Qxd7 14. Bxd6
Qxd6 15. Ne4 Nxe4 16. Qxe4 Rad8 17. c3 Qc7 18. Rfd1 Rd7 19. Rd3 Qd8 20. Rh3 g6
21. Re1 Qf6 22. Qe3 Qg7 23. Qf4 Rfd8 24. Rhe3 Rc8 25. Re5 Rd5 26. Qe3 Rxe5 27.
dxe5 a6 28. Rd1 Qf8 29. Qb6 Qe7 30. f4 Rc7 31. Rd6 Rd7 32. Qd4 Rxd6 33. exd6
Qd7 34. c4 b6 35. b4 f6 36. c5 bxc5 37. bxc5 Kf7 38. Qb4 f5 39. Qb6 Kf6 40. Qc7
1-0

[Event "III Trofeo Giovanni Pico"]
[Site "Mirandola ITA"]
[Date "2010.01.16"]
[Round "2"]
[White "Del Gaiso, Massimo"]
[Black "Setti, Massimo"]
[Result "0-1"]
[WhiteElo "1828"]
[BlackElo "1512"]
[PlyCount "70"]
[EventDate "2010.01.15"]

1. e4 e6 2. d4 d5 3. exd5 exd5 4. Bd3 Nf6 5. Ne2 Be7 6. O-O O-O 7. Bg5 Bg4 8.
Re1 Nbd7 9. c3 Bh5 10. Qc2 Bg6 11. Nd2 Bxd3 12. Qxd3 c6 13. Ng3 g6 14. Nf3 Re8
15. h3 Bf8 16. Qd2 Qc7 17. Bh6 Bd6 18. Nf5 Ne4 19. Qc1 Bf8 20. Bxf8 Rxf8 21.
Qh6 gxf5 22. Nh4 Qd6 23. Qh5 Kh8 24. Nxf5 Qg6 25. Qf3 Rae8 26. h4 Ndf6 27. Qh3
Nh5 28. g4 Rg8 29. g5 f6 30. f3 Nd2 31. Qg4 fxg5 32. Rxe8 Qxe8 33. hxg5 Nxf3+
34. Kf2 Nxg5 35. Re1 Qf7 0-1

[Event "III Trofeo Giovanni Pico"]
[Site "Mirandola ITA"]
[Date "2010.01.16"]
[Round "2"]
[White "Di Trapani, Davide"]
[Black "Zuccaro, Guido"]
[Result "0-1"]
[WhiteElo "1905"]
[BlackElo "1768"]
[PlyCount "64"]
[EventDate "2010.01.15"]

1. e4 e6 2. d4 d5 3. Nc3 Bb4 4. Nge2 dxe4 5. a3 Be7 6. Nxe4 Nf6 7. N2g3 Nbd7 8.
Bd3 h6 9. O-O O-O 10. Nh5 b6 11. Nhxf6+ Nxf6 12. Qf3 Rb8 13. Be3 Bb7 14. Nxf6+
Bxf6 15. Qg4 Qd5 16. c4 Qd7 17. Rad1 Rfd8 18. Rd2 Kh8 19. Bb1 e5 20. Bf5 Qe7
21. d5 c6 22. Rfd1 cxd5 23. cxd5 Rd6 24. Rd3 Bg5 25. Bxg5 Qxg5 26. Qe4 Qf6 27.
Rf3 Qe7 28. Re3 Rbd8 29. Qxe5 Qxe5 30. Rxe5 Rxd5 31. Rdxd5 Bxd5 32. Re7 Be6 0-1

[Event "III Trofeo Giovanni Pico"]
[Site "Mirandola ITA"]
[Date "2010.01.16"]
[Round "2"]
[White "Di Trapani, Luigi"]
[Black "Garofalo, Sergio"]
[Result "0-1"]
[WhiteElo "1525"]
[BlackElo "1807"]
[PlyCount "80"]
[EventDate "2010.01.15"]

1. d4 f5 2. c4 Nf6 3. Nf3 c6 4. Nc3 e6 5. Qc2 Be7 6. e4 fxe4 7. Nxe4 Bb4+ 8.
Bd2 Bxd2+ 9. Nexd2 Na6 10. a3 d6 11. b4 Bd7 12. Bd3 O-O 13. O-O Nc7 14. Rfe1 a5
15. Ne4 Nce8 16. Neg5 axb4 17. axb4 Rxa1 18. Rxa1 h6 19. Ne4 Nxe4 20. Bxe4 d5
21. Bh7+ Kh8 22. c5 Nf6 23. Bg6 Be8 24. Ne5 Kg8 25. Ra7 Qb8 26. Qa2 Bxg6 27.
Nxg6 Re8 28. f3 Nd7 29. f4 Kf7 30. Ne5+ Nxe5 31. fxe5 Kg8 32. Ra5 b6 33. Ra3
bxc5 34. bxc5 Qb4 35. Qa1 Kh7 36. h3 Rf8 37. Rf3 Rb8 38. Rf7 Rb5 39. Kh2 Ra5
40. Qd1 Ra8 0-1

[Event "III Trofeo Giovanni Pico"]
[Site "Mirandola ITA"]
[Date "2010.01.16"]
[Round "2"]
[White "Dionigi, Riccardo"]
[Black "Modena, Giorgio"]
[Result "0-1"]
[WhiteElo "1839"]
[BlackElo "1979"]
[PlyCount "96"]
[EventDate "2010.01.15"]

1. d4 Nf6 2. c4 e6 3. Nc3 Bb4 4. Bd2 c5 5. e3 Nc6 6. Nf3 d5 7. a3 Bxc3 8. Bxc3
Ne4 9. Qc2 Nxc3 10. Qxc3 cxd4 11. Nxd4 O-O 12. Bd3 Nxd4 13. Qxd4 dxc4 14. Qxc4
Qf6 15. Qc2 h6 16. O-O Bd7 17. Be4 Rac8 18. Qe2 Bc6 19. Bxc6 Rxc6 20. Qb5 Rb6
21. Qa5 Rxb2 22. Qxa7 Rd8 23. Rab1 Rdd2 24. Rxb2 Qxb2 25. Qb8+ Kh7 26. Qc7 f6
27. Qc8 Qb3 28. g3 Ra2 29. Qc7 Rxa3 30. Qf4 Ra4 31. Qd6 Qd5 32. Qb6 Ra6 33.
Qb1+ f5 34. Rc1 Ra2 35. Rd1 Qf3 36. Qxa2 Qxd1+ 37. Kg2 Qd5+ 38. Qxd5 exd5 39.
Kf3 Kg6 40. Ke2 Kf6 41. Kd3 Ke6 42. Kd4 Kd6 43. f3 g5 44. h3 h5 45. f4 g4 46.
h4 b5 47. Kc3 Kc5 48. Kb3 b4 0-1